Library Banner

Jamsa's 1001 DOS & PC tips (Record no. 5177)

MARC details
000 -LEADER
fixed length control field 00380nam a2200157Ia 4500
001 - CONTROL NUMBER
control field 5091
008 - FIXED-LENGTH DATA ELEMENTS--GENERAL INFORMATION
fixed length control field 140319s9999 xx 000 0 und d
020 ## - INTERNATIONAL STANDARD BOOK NUMBER
International Standard Book Number 0-07-881821-4
040 ## - CATALOGING SOURCE
Transcribing agency PK-LaUMT
082 ## - DEWEY DECIMAL CLASSIFICATION NUMBER
Classification number 005.3
Item number JAM-J
100 ## - MAIN ENTRY--PERSONAL NAME
Personal name Jamsa, Kris
245 ## - TITLE STATEMENT
Title Jamsa's 1001 DOS & PC tips
Statement of responsibility, etc Jamsa, Kris
260 ## - PUBLICATION, DISTRIBUTION, ETC. (IMPRINT)
Place of publication, distribution, etc New York,USA:
Name of publisher, distributor, etc McGraw-Hill,
Date of publication, distribution, etc 1992
546 ## - LANGUAGE NOTE
Language note EN
942 ## - ADDED ENTRY ELEMENTS (KOHA)
Koha item type Books
Holdings
Withdrawn status Lost status Damaged status Not for loan Home library Current library Date acquired Total Checkouts Full call number Barcode Checked out Date last seen Date checked out Price effective from Koha item type
        UMT Main Campus UMT Main Campus 2014-03-19 1 005.3 JAM-J 5524 2020-03-24 2019-11-25 2019-11-25 2014-03-19 Books